000 01539nam a2200337 i 4500
003 EG-GICUC
005 20260503133918.0
008 260503s2006 ku ||||fr|||| 000 0 ara d
040 _a EG-GICUC
_bara
_c EG-GICUC
_d EG-GICUC
_erda
041 0 _aara
082 0 4 _221
_a345.31210538
_bد ا . ح
092 0 4 _221
099 _aLaw1 07 345.31210538 د ا . ح [2006]
100 0 _aداود عبدالرزاق الباز.
_eمؤلف.
245 1 0 _aحماية القانون الإداري للبيئة في دولة الكويت من النلوث السمعي /
_cداود عبدالرزاق الباز.
246 2 1 _aProtecting Executive Law Of The Environment In State Of Kuwait From Ural Pollution
264 1 _aالكويت :
_bجامعة الكويت - مجلس النشر العلمي،
_c[2006].
300 _a192 صفحة :
_bجداول ؛
_c24 سم
336 _2rda content
_atext
337 _2rda media
_aComputer
338 _2rda carrier
_aOnline Resource
500 _aمستلة من مجلة الحقوق - مجلة فصلية عملية محكمة تصدر من مجلس النشر العلمي - جامعة الكويت.
504 _aببليوجرافيا: صفحات 182-192.
504 _aيشتمل على إرجاعات ببليوجرافية.
546 _aالنص باللغة العربية
650 1 _aالضبط الإداري البيئي.
_2qrmak
651 1 _2qrmak
856 4 0 _uhttps://fll.law.cu.edu.eg/fulltext/bks/B07-04260.pdf
905 _a62
942 _2ddc
_cBK
_e21
_n0
999 _c75159
_d75159